Tècnica de coloració amb l'eosina en els objectes fixats en formol / per F. X. Farreróns

per Farreróns Có, F. X.

Publicat: [Lérida : Imprenta Mariana] , 1827
Descripció física: 4 p. ; 22 cm
Matèries: Colorants

MARC

LEADER 00000nam a2200000Ia 4500
001 23229
008 160829s1827 xx 000 0 cat d
080 |a RF-16-52 
100 |a Farreróns Có, F. X.  |9 48029 
245 |a Tècnica de coloració amb l'eosina en els objectes fixats en formol / per F. X. Farreróns 
260 |a [Lérida :  |b Imprenta Mariana],  |c 1827 
300 |a 4 p. ;  |c 22 cm 
590 |a Separata de: Butlletí de la Institució Catalana d'Història Natural, 2a sèrie, vol. 2, núm. 3 (març 1927).  
590 |a Prové de 4192, exp. 124 
650 |a Colorants  |9 48031 
856 4 |u https://media.diba.cat/diba/fitxers/arxiu/fulletons/bib_23229_1827_baixa.pdf  |y Accés lliure 
856 4 |u https://media.diba.cat/diba/fitxers/arxiu/fulletons/bib_23229_1827_baixa.pdf  |y Accés lliure 
901 |a Arxiu 
942 |n 1  |2 udc 
952 |0 0  |1 0  |4 0  |6 RF1652  |7 1  |9 54283  |a Arxiu  |b Arxiu  |d 2016-12-01  |l 0  |o RF-16-52  |p 23229  |r 2016-12-01 00:00:00  |w 2016-12-01  |y ARXIU 
999 |c 58152  |d 58152 
900 |a bib_23229_1827_baixa.pdf